Movies Quiz

Random Movies or Box Office Quiz

Highest-Grossing Movie By Month (2001-10) Quiz Stats

 Plays Quiz Updated Oct 17, 2019

Score 0/120 Timer 14:00
0 Plays Today
% Correct
Harry Potter and the Half Blood Prince
92.5%
Harry Potter and the Goblet of Fire
92.4%
Harry Potter and the Prisoner of Azkaban
92.5%
Harry Potter and the Chamber of Secrets
92.4%
Harry Potter and the Deathly Hallows Part 1
92.4%
Harry Potter and the Socerer's Stone
92.3%
Pirates of the Caribbean: At World's End
83.9%
Pirates of Caribbean: Dead Man's Chest
83.9%
Pirates of the Caribbean: The Curse of the Black Pearl
83.9%
Iron Man 2
78.5%
Iron Man
78.5%
Transformers: Revenge of the Fallen
77.4%
Transformers
77.3%
The Dark Knight
75.1%
The Dark Knight
75.1%
Batman Begins
71.4%
Jackass 3D
69.1%
Jackass:Number 2
69.1%
Avatar
69.1%
Avatar
69.1%
Avatar
69.1%
Spider-Man 3
64%
Spider-Man 2
64%
Spider-Man
64%
Toy Story 3
63.6%
The Lord of the Rings:The Return of the King
62.2%
The Lord of the Rings:The Return of the King
62.2%
The Lord of the Rings: The Two Towers
62%
The Lord of the Rings: The Two Towers
62%
The Lord of the Rings: The Fellowship of the Ring
61.2%
The Lord of the Rings: The Fellowship of the Ring
61.2%
Shrek 2
60.6%
Shrek
60.6%
Fast and Furious
54.7%
Taken
51%
The Twilight Saga: New Moon
50.1%
The Twilight Saga: Eclipse
49.7%
Meet the Fockers
49.6%
Meet the Fockers
49.6%
Star Wars: Revenge of the Sith
47.2%
% Correct
Ige Age: Meltdown
47.1%
Ice Age
47.1%
The Bourne Ultimatum
47%
Borat
46.6%
The Matrix Revolutions
45.7%
The Matrix Reloaded
45.7%
The Passion of the Christ
44.3%
The Passion of the Christ
44.3%
Gran Torino
44.1%
Kung Fu Panda
42.5%
Best of Both Worlds Concert Tour
42.1%
Juno
39.8%
Star Trek
39.1%
Cars
38.5%
Alice in Wonderland
38.3%
I am Legend
37.8%
Men in Black II
37.8%
Night At The Museum
34.5%
Night at the Museum
34.5%
The Departed
33.4%
American Pie 2
33.2%
The Town
33%
Madagascar: Escape 2 Africa
32.6%
School of Rock
31.3%
300
31%
Finding Nemo
31%
The Mummy Returns
27.4%
Rush Hour 2
26.9%
Bridget Jones's Diary
26.8%
Tron: Legacy
26.2%
Resident Evil: Apocalyspe
25.3%
Clash of the Titans
24.6%
Hellboy
23.8%
Talladega Nights
22.2%
Hannibal
22.1%
Training Day
22.1%
The Other Guys
21%
Shark Tale
20.7%
The Incredibles
20.2%
War of the Worlds
19.7%
% Correct
Watchmen
18.1%
The Davinci Code
18.1%
Halloween
18%
Hitch
17%
G.I. Joe: The Rise of Cobra
16.8%
Marley and Me
16.3%
The Scorpion King
16.2%
Ghost Rider
16.2%
Jurassic Park III
15.2%
Daredevil
14.5%
Blades of Glory
14.3%
21
13.9%
Horton Hears A Who
13.4%
Couples Retreat
12.7%
Scooby Doo
12%
The Dukes of Hazzard
11.4%
American Gangster
10.9%
The Pink Panther
10.7%
Cloudy with a Chance of Meatballs
8.7%
My Big Fat Greek Wedding
8.6%
Red Dragon
8.3%
The Game Plan
7.3%
Anger Management
7.2%
Failure to Launch
7.2%
Robots
7%
Sin City
6.5%
Burn After Reading
6.4%
John Q.
6.3%
Once Upon A Time In Mexico
6.2%
The Chronicles of Narnia: The Lion, the Witch and the Wardrobe
6.1%
The Chronicles of Narnia: The Lion, the Witch and the Wardrobe
6.1%
Signs
6.1%
Collateral
5.6%
Traffic
5.3%
The Mexican
4.3%
S.W.A.T
4.2%
Bringing Down The House
3.7%
Wallace and Gromit: The Curse of the Were-Rabbit
3.1%
Beverly Hills Chihuahua
1.8%
The Exorcism of Emily Rose
1.4%

You're not logged in!

Compare scores with friends on all Sporcle quizzes.
OR
Log In

Sporcle TV

Today on Sporcle TV


Watch our educational content, quiz creation guides, and fun videos on Sporcle TV.

Show Comments

Extras

Top Quizzes Today


Score Distribution

Your Account Isn't Verified!

In order to create a playlist on Sporcle, you need to verify the email address you used during registration. Go to your Sporcle Settings to finish the process.

Report this User

Report this user for behavior that violates our Community Guidelines.

Details: